|
|
|
|
| LEADER |
00000caa a22000002c 4500 |
| 001 |
1912697203 |
| 003 |
DE-627 |
| 005 |
20250326002308.0 |
| 007 |
tu |
| 008 |
241217s1993 xx ||||| 00| ||eng c |
| 035 |
|
|
|a (DE-627)1912697203
|
| 035 |
|
|
|a (DE-599)KXP1912697203
|
| 040 |
|
|
|a DE-627
|b ger
|c DE-627
|e rda
|
| 041 |
|
|
|a eng
|
| 084 |
|
|
|a 2,1
|2 ssgn
|
| 100 |
1 |
|
|8 1\p
|a Lynch, James P.
|d 1949-
|e VerfasserIn
|0 (DE-588)137675984
|0 (DE-627)594836166
|0 (DE-576)166396095
|4 aut
|
| 109 |
|
|
|a Lynch, James P. 1949-
|a Lynch, James 1949-
|a Lynch, James Patrick 1949-
|
| 245 |
1 |
0 |
|a Secondary analysis of international crime survey data
|
| 264 |
|
1 |
|b United Nations Interregional Crime and Justice Research Institute
|c 1993
|
| 336 |
|
|
|a Text
|b txt
|2 rdacontent
|
| 337 |
|
|
|a ohne Hilfsmittel zu benutzen
|b n
|2 rdamedia
|
| 338 |
|
|
|a Band
|b nc
|2 rdacarrier
|
| 655 |
|
4 |
|a Konferenzschrift ; 1993 ; Rome, Italy
|
| 773 |
0 |
8 |
|i Enthalten in
|t Understanding Crime: Experiences of Crime and Crime Control: Acts of the international conderence, Rome, 18-20 November 1992
|
| 787 |
0 |
8 |
|i Forschungsdaten
|a Unknown
|t International Victimization Survey, 1988 and 1992
|d [Erscheinungsort nicht ermittelbar] : [Verlag nicht ermittelbar], 1990
|w (DE-627)1840065915
|
| 787 |
0 |
8 |
|i Forschungsdaten
|a Alvazzi del Frate, Anna
|t International Crime Victim Survey (ICVS), 1989-1997
|d [Erscheinungsort nicht ermittelbar] : [Verlag nicht ermittelbar], 2001
|w (DE-627)1840067071
|
| 883 |
|
|
|8 1\p
|a cgwrk
|d 20250301
|q DE-101
|u https://d-nb.info/provenance/plan#cgwrk
|
| 935 |
|
|
|a mkri
|
| 951 |
|
|
|a AR
|
| ELC |
|
|
|b 1
|
| LOK |
|
|
|0 000 xxxxxcx a22 zn 4500
|
| LOK |
|
|
|0 001 4637662761
|
| LOK |
|
|
|0 003 DE-627
|
| LOK |
|
|
|0 004 1912697203
|
| LOK |
|
|
|0 005 20241217044951
|
| LOK |
|
|
|0 008 241217||||||||||||||||ger|||||||
|
| LOK |
|
|
|0 035
|a (DE-2619)ICPSR47421
|
| LOK |
|
|
|0 040
|a DE-2619
|c DE-627
|d DE-2619
|
| LOK |
|
|
|0 092
|o n
|
| LOK |
|
|
|0 852
|a DE-2619
|
| LOK |
|
|
|0 852 1
|9 00
|
| LOK |
|
|
|0 935
|a uvkn
|a nacp
|
| LOK |
|
|
|0 939
|a 17-12-24
|b l01
|
| ORI |
|
|
|a SA-MARC-krimdoka001.raw
|